| 000 | 00900cam a22002531i 4500 | ||
|---|---|---|---|
| 001 | e 16000376 | ||
| 003 | DLC | ||
| 005 | 20260227111206.0 | ||
| 007 | cr_||||||||||| | ||
| 008 | 780210s1916 nyu l000 0 eng c | ||
| 010 | _ae 16000376 | ||
| 035 | _a(OCoLC)3625145 | ||
| 040 |
_aLibrary, U.S. Bur. of Education _cDNIE _dOCoLC _dDLC |
||
| 050 | 0 | 0 |
_aLA222 _b.E4 |
| 100 | 1 |
_aEliot, Charles William, _d1834-1926. |
|
| 245 | 1 | 0 |
_aChanges needed in American secondary education, _cby Charles W. Eliot. |
| 260 |
_aNew York city, _bGeneral education board, _c1916. |
||
| 300 |
_a29 p. _c23 cm. |
||
| 490 | 0 |
_aPublications of the General education board. Occasional papers, _vno 2 |
|
| 530 | _aAlso available in digital form on the Internet Archive Web site. | ||
| 650 | 0 |
_aEducation _zUnited States. |
|
| 650 | 0 | _aEducation, Secondary. | |
| 856 | 4 | 1 | _uhttp://hdl.loc.gov/loc.gdc/scd0001.00060929907 |
| 999 |
_c19977 _d19977 |
||